English language dictionary

Guardat en:
Dades bibliogràfiques
Autor corporatiu: Collins Cobuild (Autor)
Format: Llibre
Idioma:anglès
Publicat: Londres Collins 1991
Matèries:
Etiquetes: Afegir etiqueta
Sense etiquetes, Sigues el primer a etiquetar aquest registre!

MARC

LEADER 00000nam a2200000 a 4500
001 UCX8276
003 CL-VaPUC
008 940317e19910000UK |||||||||||||||||eng|d
082 0 4 |a 423  |b COL  |2 21 
110 2 |a Collins Cobuild  |e author  |9 325370 
245 1 0 |a English language dictionary 
300 |a 1703 p 
942 |c BK 
945 |d 19940317 00:00:00  |a rbrito 
260 |a Londres  |b Collins  |c 1991 
650 7 |a INGLES DICCIONARIOS  |2 CL-VaPUC  |9 316312 
583 |a last modification  |c 19940317 00:00:00  |k Rodrigo Vera 
999 |c 227830  |d 227828 
952 |0 0  |1 0  |4 0  |6 423_000000000000000_COL_1991  |7 0  |8 A  |9 227094  |a BIBEDU  |b BIBEDU  |d 2019-11-15  |i 2962381  |o 423 COL 1991  |p 2962381  |r 2019-11-15  |w 2019-11-15  |y BK  |k LIT